| 000 | 00857cam a22001935a 4500 | ||
|---|---|---|---|
| 001 | L141173 | ||
| 008 | 071101s1847 xxk eng u | ||
| 035 | _a(Sirsi) u141173 | ||
| 041 | 0 | _aeng | |
| 110 | 2 |
_aShuttleworth and Sons _95436 |
|
| 245 | 0 | 0 |
_aParticulars of a leasehold estate eligibly situate, no. 43, on the south and most frequented side of Holborn, in the City of London with two tenements in the rear thereof, nos. 3 and 4 King's Head Court _bwhich will be sold by auction by Messrs. Shuttleworth and Sons at the Mart, opposite the Bank of England on Friday April 16 1847 at twelve o'clock... |
| 260 |
_aS.l. _bs.n. _c[1847] |
||
| 300 |
_a2 leaves _c37 x 23 cm. |
||
| 340 | _aPrinted | ||
| 351 | _cSingle item | ||
| 651 | 4 | _aLondon | |
| 690 | _aPROPERTY-PROPERTY ACQUISITION AND DISPOSAL-ACQUISITION AND DISPOSAL AT AUCTION | ||
| 942 | _n0 | ||
| 999 |
_c116644 _d116644 |
||